Database management systems / (Record no. 616919)

000 -LEADER
fixed length control field 01199nam a22001577a 4500
020 ## - INTERNATIONAL STANDARD BOOK NUMBER
International Standard Book Number 0070507759
040 ## - CATALOGING SOURCE
Transcribing agency NUST
082 ## - DEWEY DECIMAL CLASSIFICATION NUMBER
Classification number 005.74,RAM
100 ## - MAIN ENTRY--PERSONAL NAME
Personal name Ramakrishnan, Raghu
9 (RLIN) 95072
245 ## - TITLE STATEMENT
Title Database management systems /
Statement of responsibility, etc. Raghu Ramakrishnan, Johannes Gehrke.
260 ## - PUBLICATION, DISTRIBUTION, ETC.
Place of publication, distribution, etc. America
Name of publisher, distributor, etc. McGraw Hill
Date of publication, distribution, etc. 1998
300 ## - PHYSICAL DESCRIPTION
Extent xxvi,741 p.;
505 ## - FORMATTED CONTENTS NOTE
Formatted contents note Introduction to database Design (Page-1), The Relational Model (Page-21), storing Data : Disks and Files (Page-38), File Organization and Index (Page-67), Tree-Structures Indexing (Page-84), Security, Views, and SQL (PAge-226), Query- By- Example (QBE), Evaluation of relational Operators (Page-271), relational Query Optimization (Page-310), Conceptual Design and The ER Model (Page-357), schema Refinement and Normal Forms (Page-395), Physical Database Design and Tuning (Page-436), Concurrency Control (Page-476), Crash Recovery (Page- 519), Parallel and Distributed Databases (Page-544), Deductive and Active Database (Page-589), Object Database Systems (Page-614), Decision Support Systems (Page-650), Additional Topics (page-6820, The Minibase Software (Page-692).
650 ## - SUBJECT ADDED ENTRY--TOPICAL TERM
Topical term or geographic name entry element Database Management
942 ## - ADDED ENTRY ELEMENTS (KOHA)
Source of classification or shelving scheme
Koha item type Reference
Call number prefix 005.74,RAM
Holdings
Withdrawn status Lost status Source of classification or shelving scheme Damaged status Not for loan Permanent Location Current Location Shelving location Date acquired Full call number Barcode Date last seen Price effective from Koha item type Public note
          Military College of Signals (MCS) Military College of Signals (MCS) Reference 04/08/2026 005.74,RAM MCS38967 04/08/2026 04/08/2026 Reference Almirah Reference No.18, Shelf No.1
© 2023 Central Library, National University of Sciences and Technology. All Rights Reserved.